Leadership, (Record no. 5459)

MARC details
005 - DATE AND TIME OF LATEST TRANSACTION
control field 20250626170404.0
020 ## - INTERNATIONAL STANDARD BOOK NUMBER
International Standard Book Number 9966-21-079-2
082 ## - DEWEY DECIMAL CLASSIFICATION NUMBER
Classification number 658 SO
100 ## - MAIN ENTRY--PERSONAL NAME
Author name SOUZA, A .
245 ## - TITLE STATEMENT
Title Leadership,
260 ## - PUBLICATION, DISTRIBUTION, ETC.
Place of publication, distribution, etc. Kenya,
Name of publisher, distributor, etc. Paulines Publications Africa,
Date of publication, distribution, etc. 1994.
300 ## - PHYSICAL DESCRIPTION
Extent 528p.; picture.;
Other physical details Bibliography
Dimensions 22cm.
942 ## - ADDED ENTRY ELEMENTS (KOHA)
Source of classification or shelving scheme Dewey Decimal Classification
Koha item type Books
Holdings
Date last seen Total checkouts Full call number Barcode Cost, replacement price Price effective from Koha item type Lost status Source of classification or shelving scheme Damaged status Not for loan Withdrawn status Home library Current library Shelving location Date acquired Cost, normal purchase price
06/26/2025   658.4092SO DOM0001142 105000.00 06/26/2025 Books   Dewey Decimal Classification       CBE Dodoma CBE Dodoma General Collection 06/26/1996 35000.00
06/28/2025   658.4092SO DOM0002585 105000.00 06/28/2025 Books   Dewey Decimal Classification       CBE Dodoma CBE Dodoma General Collection 06/19/9619 35000.00